000 01150nam2a22002651 4500
001 RU\NLR\A1SV\157505
005 20251214193235.0
035 _a(NLR Aleph) 012595132
090 _a13494528
_c13494528
100 _a20210906d1926 u y0rusy50 ca
101 0 _arus
200 1 _a... Высшей математике
_eII курс
_fПроф. Зылев
215 _a4 с.
300 _aИзм. загл.: Программа лекций и групповых занятий по...
300 _aАвт. указан к конце текста
320 _aБиблиогр.: с.4
461 1 _1001RU\NLR\A1SV\157494
_912564432
_aМосковский ин-т инженеров транспорта. Эксплуатационный факультет
_c[М.]
_d[1926]
_fМИИТ. Эксплуатац. фак.
_nТип. "Чистая печать"
_o(Авт.-сент. 1926 г.)
_tПрограмма по курсу...
512 1 _aПрограмма лекций и групповых занятий по...
801 0 _aRU
_bNLR
_c20210906
899 _aРГБ
899 _aРГБ
942 _cBOOK
980 _aA1SV
980 _aNB